000 00229nam a22000977a 4500
082 _a050
245 _aFEMINA - ENGLISH - 3, MARCH 2017 - GUJARAT SPECIAL
300 _a68P
490 _a3, MARCH 2017 - GUJARAT SPECIAL
942 _cCR
999 _c3268
_d3268